000 00844cam a22002897a 4500
001 4069
005 20250813132548.0
020 _a076714004993
040 _aDLC
_cDLC
_dDLC
_beng
050 0 0 _aPZ8.3.B7
082 0 0 _a823.914
100 1 _aBoynton, Sandra
245 1 0 _aBut not the hippopotamus /
_cby Sandra Boynton
260 _aNew York :
_bLittle Simon,
_c1982
300 _a13 unnumbered pages :
_bcolor illustrations ;
_c15 cm.
490 _aBoynton board books
500 _aFirst published in 1982.
505 _aG
520 _aAnimals pair up in these humorous rhymes.
521 _a390
_bLexile AD
521 _aG
_bRaz-Plus
650 1 _aHippopotamuses
_xFiction.
650 1 _aAnimals
_xFiction.
650 1 _aStories in rhyme.
906 _a7
_bcbc
_corigcop
_d2
_encip
_f20
_gy-gencatlg
942 _2ddc
_cBK
_n0
999 _c4069
_d4069